01375nam a2200265Ia 450000100060000000300090000600800410001504000130005604000130006904100130008210000210009510000290011624000280014524000350017324500270020824500270023525000110026226000110027326000100028426000490029430000570034350006360040065000420103665000310107871962IT-RoPAU130308s9999 xx 000 0 und d aIT-RoPAU cIT-RoPAU aSPAGNOLO aCanals Salvatore gCodice Aut. SPICS: 8540 aCHIESA E IL CINEMA (LA) gCodice Tit. Orig. Spics: 2153 aIglesia y el cine (La) bIglesia Y El cine (La) a1a ed. aMADRID bRIALP c1965 [1° Ed.:1965 - Ed.Ling.Originale:1961] a"296 p. (prefazione: no ; testo: 296 [pagine: 0-0])" aChiesa e Cinema dottrina della Chiesa mezzi Audiovisivi della Comunicazione Sociale Come dono di Dio al Servizio dell'uomo Chiesa e Stato in relazione con Il Cinema Cinema e Tempo libero Cinema e Attività Pastorali della Chiesa Responsabilità del Critico Cinematografico Morale e Cinema Arte e Morale rappresentazione del Male Film e Religione Famiglia Stato Diritto e Organizzazione Cinematografica commissione pontificia delle comunicazioni Sociali Uffici internazionali e nazionali Sale Cinematografiche Dipendenti Dalle Autorità Ecclesiastiche Associazione Cattolica di gestione del Cinema Servizi di Assistenza Alle Sale aSAGGI PASTORALE COMUNICAZIONE SOCIALE eCodice materia Spics: 9311